000 00297nam a22001337a 4500
008 170817b xxu||||| |||| 00| 0 eng d
020 _a070240973
041 _aeng
080 _24TH
_a311
100 _a36
101 _aSTA
245 _aSTATISTICAL QUALITY CONTROL
_cGRANT,E.I
942 _2udc
_cBK
999 _c24014
_d24014